ბათუმის შოთა რუსთაველის სახელმწიფო უნივერსიტეტის ბიბლიოთეკა

ადამიანი : (ბიბ.ჩანაწერი № 62884)

000 -ლიდერი
ფიქსირებული სიგრძის საკონტროლო ველი 01033nam a22002057a 4500
003 - საკონტროლო ნომრის იდენტიფიკატორი
საკონტროლო ველი Ge_BSU
005 - ბოლო ოპერაციის თარიღი და დრო
საკონტროლო ველი 20250314162339.0
008 - ფიქსირებული სიგრძის მონაცემთა ელემენტები - ზოგადი ინფორმაცია
ფიქსირებული სიგრძის საკონტროლო ველი 250314s1969 ge ||||| |||| 00| 0 geo d
041 ## - ენის კოდი
Language code of text/sound track or separate title geo
080 ## - უნივერსალური ათობითი კლასიფიკაციის ინდექსი
Universal Decimal Classification number 611(075.3) : 612(075.3) : 613(075.3) ც-89
100 ## - მთავარი ჩანაწერი - პიროვნების სახელი
Personal name ცუზმერი, ანა
9 (RLIN) 24567
245 ## - ცნობა სათაურის შესახებ
Title ადამიანი :
Remainder of title ანატომია, ფიზიოლოგია ჰიგიენა. საშ. სკოლის მე-8 კლასის სახელმძღვ. /
Statement of responsibility, etc ანა ცუზმერი, ოქსანა პეტრიშინა.
264 ## - წარმოების, გამოცემის, დისტრიბუციის და სხვა ცნობები
გამოცემის, წარმოების, დისტრიბუციის... ადგილი თბილისი :
გამოცემის, წარმოების, დისტრიბუციის... სახელწოდება განათლება,
გამოცემის, წარმოების, დისტრიბუციის... თარიღი 1969.
300 ## - ფიზიკური აღწერა
Extent 301 გვ.:
Other physical details ილ. ;
Dimensions 22 სმ.
653 ## - INDEX TERM--UNCONTROLLED
Uncontrolled term ადამიანის ანატომია
653 ## - INDEX TERM--UNCONTROLLED
Uncontrolled term ადამიანის ფიზიოლოგია
653 ## - INDEX TERM--UNCONTROLLED
Uncontrolled term მედიცინა
700 ## - ADDED ENTRY--PERSONAL NAME
Personal name პეტრიშინა, ოქსანა
Relator term ავტორი
9 (RLIN) 24568
942 ## - ADDED ENTRY ELEMENTS (KOHA)
Source of classification or shelving scheme
Koha item type წიგნი
ეგზემპლარები
ჩამოწერის სტატუსი დაკარგული ეგზემპლარის სტატუსი კლასიფიკაციის წყარო ან თაროზე გაწყობის სქემა დაზიანების სტატუსი არ გაიცემა მუდმივი მდებარეობა (დაცვის ადგილი) ამჟამინდელი ადგილსამყოფელი თაროზე განთავსების ადგილი შეძენის თარიღი ღირებულება, შესყიდვის ნორმალური ფასი სრული შენახვის შიფრი შტრიხკოდი ბოლო ოპერაციის თარიღი ეგზემპლარის მიმდევრობითი ნომერი (კეტერი?) ფასის ძალაში შესვლის თარიღი ეგზემპლარის სახეობა საჯარო შენიშვნა
          ბათუმის შოთა რუსთაველის სახელმწიფო უნივერსიტეტის მთავარი ბიბლიოთეკა ბათუმის შოთა რუსთაველის სახელმწიფო უნივერსიტეტის მთავარი ბიბლიოთეკა წიგნსაცავი 2025-03-14 0.90 611(075.3) : 612(075.3) : 613(075.3) ც-89 70768 2025-03-14 70768 2025-03-14 წიგნი 0.90 თ.